LIBRARY & INFORMATION CENTRE, KCAET, TAVANUR

ONLINE PUBLIC ACCESS CATALOGUE (OPAC)

Modelling the performance of wind energy conservation system at potential wind farm sites in Kerala (Record no. 14957)

MARC details
000 -LEADER
fixed length control field 00770nam a22001817a 4500
003 - CONTROL NUMBER IDENTIFIER
control field OSt
088 ## - REPORT NUMBER
Report number P 262
100 ## - MAIN ENTRY--AUTHOR NAME
Personal name DHANMON FRANCIS
-- YOUNUS A
245 ## - TITLE STATEMENT
Title Modelling the performance of wind energy conservation system at potential wind farm sites in Kerala
260 ## - PUBLICATION, DISTRIBUTION, ETC. (IMPRINT)
Place of publication Tavanur 2013
Name of publisher Department of Farm Power Machinery and Energy
300 ## - PHYSICAL DESCRIPTION
Number of Pages 61
500 ## - GENERAL NOTE
General note Modelling the performance of wind energy conservation system at potential wind farm sites in Kerala
520 ## - SUMMARY, ETC.
Summary, etc Modelling the performance of wind energy conservation system at potential wind farm sites in Kerala
700 ## - ADDED ENTRY--PERSONAL NAME
Personal name Dr. Geetha Sussan Philip (Guide)
856 ## - ELECTRONIC LOCATION AND ACCESS
Uniform Resource Identifier https://drive.google.com/open?id=1rKDkdNle5XmvkdCS5_1WO8UEy5u4dSzJ
942 ## - ADDED ENTRY ELEMENTS (KOHA)
Koha item type Project Report
Holdings
Collection code Home library Current library Shelving location Full call number Accession Number Koha item type
Reference KAUAET KAUAET Reference 631.3 DHA/MO P 262 Project Report
free website counter